000
00274nam a22001217a 4500
008
181022b xxu||||| |||| 00| 0 eng d
041
_a
eng
080
_a
159.9
100
_a
49
101
_a
PSI
245
_a
Insulin Treatment in Psychiatry
_c
Rinkel,M
942
_2
udc
_c
BK
999
_c
50371
_d
50371